|
|
|
|
| LEADER |
00000nbm0a2200000 4500 |
| 001 |
46978 |
| 005 |
20231031025353.0 |
| 035 |
|
|
|a (RuTPU)RU\TPU\book\49056
|
| 090 |
|
|
|a 46978
|
| 100 |
|
|
|a 20030130d1987 k y0rusy50 ca
|
| 101 |
0 |
|
|a rus
|
| 102 |
|
|
|a RU
|
| 105 |
|
|
|a a m 001zy
|
| 200 |
1 |
|
|a Электризация диэлектриков пучками легких ионов
|e диссертация на соискание ученой степени кандидата физико-математических наук
|e Спец. 01.04.16.
|f В. А. Падерин
|g Томский политехнический институт; науч. рук. В. В. Евстигнеев
|
| 210 |
|
|
|a Томск
|d 1987
|
| 215 |
|
|
|a 134 л.
|c ил.
|
| 320 |
|
|
|a Библиогр.: с. 128-132 (48 назв.).
|
| 610 |
1 |
|
|a физика
|
| 610 |
1 |
|
|a атомное ядро
|
| 610 |
1 |
|
|a элементарные частицы
|
| 610 |
1 |
|
|a электризация
|
| 610 |
1 |
|
|a диэлектрики
|
| 610 |
1 |
|
|a пучки
|
| 610 |
1 |
|
|a легкие ионы
|
| 610 |
1 |
|
|a сдвиг
|
| 610 |
1 |
|
|a зондирование
|
| 610 |
1 |
|
|a облучения
|
| 610 |
1 |
|
|a потоки
|
| 610 |
1 |
|
|a излучения
|
| 610 |
1 |
|
|a диссертации
|
| 675 |
|
|
|a 537.226(048)
|v 3
|
| 686 |
|
|
|a 01.04.16.
|2 oksvnk
|
| 700 |
|
1 |
|a Падерин
|b В. А.
|g Валерий Анатольевич
|
| 702 |
|
1 |
|a Евстигнеев
|b В. В.
|4 727
|
| 712 |
0 |
2 |
|a Томский политехнический институт
|2 stltpush
|3 (RuTPU)RU\TPU\col\1123
|
| 801 |
|
1 |
|a RU
|b 63413507
|c 20030130
|g PSBO
|
| 801 |
|
2 |
|a RU
|b 63413507
|c 20030523
|g PSBO
|
| 942 |
|
|
|c BK
|